000 01768nam a2200373 a 4500
999 _c57178
_d57178
003 BLK
005 20230921112221.0
008 180408b bul|||||r ||||||| ||bul||
040 _aBLK
041 _aBUL
_cBUL
080 _aБългарска литература
_b821.163.2
_x-84
_z821.163.2-84
080 _aРуска литература
_b821.161.1
_x-84
_z821.161.1-84
080 _aЛитература на отделни езици и езикови семейства
_b821
_x-84
_z821-84
139 _aМъдростта на вековете
245 1 0 _aМъдростта на вековете
_bМисли, афоризми, крилати изречения и нар. мъдрости от 30 столетия
_cизраб. Веселина Ганева, Любен Атанасов; под ръков. и с предг. на Тодор Боров.
250 _a2. прераб. изд.
257 _aSB
260 _aСофия
_bНаука и изкуство
_c1976
_fПлевен : печ. Ал. Пъшев
300 _a640 с.
_c20 см
380 _aX
500 _a1. изд. 1971. - Именен и предм. показалец.
653 _aмисли
653 _aафоризми
653 _aнародни мъдрости
653 _aкрилати фрази
700 1 _aГанева, Веселина Господинова
_eизраб.
_9369337
700 1 _aАтанасов, Любен Димитров
_eизраб.
_9369336
700 1 _aБоров, Тодор
_qТодоров, Тодор Цветанов
_9367585
852 _aЦб 83030
_bЦб
856 4 _qpdf
_i0.00
_ldisable
942 _cKNG
_n0
_04
_s1
944 _aCR
_c13.06.2004
_lРусанова Ирена
_k30542
944 _aED
_c2022-10-21